Przyporządkuj nurt w malarstwie do obrazu - Statystyki

Ogólne statystyki
  • Ten quiz został rozwiązany 32 razy
  • Średni wynik to 21 z 60
Statystyki odpowiedzi
Obrazkowy Odpowiedź % Poprawnych
surrealizm
74%
kubizm
70%
ekspresjonizm
63%
impresjonizm
63%
secesja
63%
realizm
56%
barok
52%
impresjonizm
52%
realizm
52%
renesans
52%
secesja
52%
surrealizm
52%
impresjonizm
48%
impresjonizm
48%
realizm
48%
renesans
48%
surrealizm
48%
barok
44%
barok
41%
fowizm
41%
barok
37%
postimpresjonizm
37%
postimpresjonizm
37%
rokoko
37%
symbolizm
37%
klasycyzm
33%
romantyzm
33%
symbolizm
33%
ekspresjonizm
30%
fowizm
30%
gotyk
30%
klasycyzm
30%
rokoko
30%
romantyzm
30%
romantyzm
30%
romantyzm
30%
suprematyzm
30%
suprematyzm
30%
barok
26%
kubizm
26%
postimpresjonizm
26%
realizm
26%
renesans
26%
secesja
26%
color field painting
22%
ekspresjonizm
22%
gotyk
22%
neoimpresjonizm
22%
neoimpresjonizm
22%
op art
22%
realizm
22%
symbolizm
19%
manieryzm
15%
nabizm
15%
symbolizm
15%
pop art
11%
postimpresjonizm
11%
regionalizm
11%
manieryzm
7%
rajonizm
7%
Nie znaleziono quizów pasujących do podanych kryteriów
Rozkład punktacji
Procent ludzi z każdym wynikiem
Percentyl według liczby udzielonych odpowiedzi
Twoja historia wyników
Nie rozwiązałeś tego quizu